L'ermaneutica contemporanea.
Saved in:
| Main Author: | |
|---|---|
| Format: | Book |
| Language: | English |
| Published: |
Bologna, Italia:
Il Mulino,
1986.
|
| Series: | Universale paperbacks Il Mulino, 189.
|
| Subjects: | |
| Tags: |
Add Tag
No Tags, Be the first to tag this record!
|
MARC
| LEADER | 00000nam a22000007a 4500 | ||
|---|---|---|---|
| 003 | CL-VaPUC | ||
| 005 | 20220822114446.0 | ||
| 008 | 220330t1986 ||||| |||| 00| 0 eng d | ||
| 999 | |c 435207 |d 435205 | ||
| 020 | |a 88-15-00930-2 | ||
| 040 | |c Pontificia Universidad Católica de Valparaíso | ||
| 082 | 7 | |a 121.68 BLE 1986 |2 22 | |
| 100 | |a Bleicher, Josef |9 867811 |e autor | ||
| 245 | |a L'ermaneutica contemporanea. | ||
| 260 | |a Bologna, Italia: |b Il Mulino, |c 1986. | ||
| 300 | |a 344 páginas. | ||
| 490 | |a Universale paperbacks Il Mulino, 189. | ||
| 500 | |a c.1 Donación Familia Prof. Alejandro Guzmán Brito. | ||
| 505 | |a Contenido general: - Parte prima: La teoria ermeneutica. - Parte seconda: La filosofia ermeutica. - Parte terza: L'ermaneutica critica. - Parte quarta: Nuove prospettive. | ||
| 583 | |c 20220330 |k Yessy Stephany Diaz Vidal | ||
| 650 | |a Hermenéutica |9 269473 | ||
| 942 | |2 ddc |c BK |n 0 | ||
| 952 | |0 0 |1 0 |2 ddc |4 0 |6 121_680000000000000_BLE_1986 |7 0 |8 C_AGB |9 582277 |a BIBDER |b BIBDER |d 2022-03-30 |e Donación |i 5650600 |o 121.68 BLE 1986 |p 5650600 |r 2023-01-25 |t 1 |w 2022-03-30 |y BK_US |k AGB | ||